| 000 | 00491nam a2200181 a 4500 | ||
|---|---|---|---|
| 005 | 20140310183345.0 | ||
| 008 | 070330s19uu xx 00 eng d | ||
| 020 | _a0733534945 | ||
| 050 |
_aPZ 7 _b.N379 2002 |
||
| 100 | _aNeels, Betty | ||
| 245 |
_aThe engagement effect. _cBetty Neels and Liz Fielding |
||
| 260 |
_aAustralia : _bHarlequin Mills & Boons, _c2002. |
||
| 300 |
_a186 p. : _c18 cm. |
||
| 650 | _aFiction. | ||
| 700 | _aFielding, Liz | ||
| 942 |
_cBK _2lcc |
||
| 999 |
_c21931 _d21931 |
||